Statistics for Word Scramble: Europe

Click here to take the quiz!

General Stats

  • This quiz has been taken 89 times
    (62 since last reset)
  • The average score is 14 of 15

Answer Stats

HintAnswer% Correct
REULXUGOMBLuxembourg
98%
VSOOOKKosovo
96%
NDAOLPPoland
96%
FNRAECFrance
94%
EINSEHTECLTNILiechtenstein
94%
PSNAISpain
94%
AABNLIAAlbania
93%
RULGIAABBulgaria
93%
LIGBEMUBelgium
91%
NEYGMRAGermany
91%
ECEGERGreece
91%
SELBRUABelarus
87%
ILENARDIreland
87%
SBRAEISerbia
87%
GPAULTROPortugal
85%

Score Distribution

Percentile by Number Answered

Percent of People with Each Score

Your Score History

You have not taken this quiz since the last reset